000 00721cab a2200229 4500
001 WB2926-34
008 090401t1993 xxu||||| |||| 00| 0 eng d
035 _a(Sirsi) u67896
041 _aeng
100 _aSands, D.
245 _aRiver Thames planning body
260 _c1993
350 _a0
490 _aEstates Gazette
_v(9326) 3 July 1993, 37(1)
520 _aChief executive of the Port of London Authority calls for a strategic planning authority responsible for implementation and co-ordination of development sites along the River Thames.
650 _aLONDON
650 _aRIVER THAMES
650 _aSTRATEGIC PLANNING
690 _aPLANNING LAW AND PRACTICE
942 _n0
948 _c04/03/1997
999 _c42543
_d42543